[Event "SWE-chT 0708"]
[Site "Sweden"]
[Date "2007.11.17"]
[Round "4"]
[White "Svensson, Sven"]
[Black "Carlsson, Daniel"]
[Result "1-0"]
[WhiteElo "2273"]
[BlackElo "2307"]
[PlyCount "89"]
[EventDate "2007.10.19"]
[EventType "team"]
[EventRounds "11"]
[EventCountry "SWE"]
[SourceTitle "EXT 2009"]
[Source "ChessBase"]
[SourceDate "2008.11.26"]
[SourceVersion "1"]
[SourceVersionDate "2008.11.26"]
[SourceQuality "1"]
[WhiteTeam "Skara"]
[BlackTeam "Limhamn"]
[WhiteTeamCountry "SWE"]
[BlackTeamCountry "SWE"]

1. d4 Nf6 2. c4 g6 3. Nc3 Bg7 4. Bg5 0-0 5. Nf3 d6 6. e3 Nc6 7. Be2 Bf5 8. 0-0 h6 9. Bh4 Nb4 10. a3 Nc6 11. b4 g5 12. Bg3 Nh5 13. Nxg5 Nxg3 14. fxg3 Bg6 15. Nf3 e5 16. Qd2 exd4 17. exd4 Re8 18. Rae1 Be4 19. Nxe4 Rxe4 20. Bd1 Rxe1 21. Rxe1 d5 22. c5 Qf6 23. Ne5 Re8 24. Ba4 Re6 25. Bxc6 bxc6 26. Nf3 Re4 27. Rxe4 dxe4 28. Ne5 Qe6 29. Qc3 h5 30. h3 Qd5 31. Qc4 Qxc4 32. Nxc4 Bxd4+ 33. Kf1 f5 34. Na5 Bb2 35. a4 Kf7 36. Nxc6 Ba3 37. Ke2 a5 38. bxa5 Bxc5 39. a6 Ke6 40. a7 Bxa7 41. Nxa7 Kd5 42. Ke3 Kc4 43. Nc6 Kc5 44. Ne7 Kb4 45. Nxf5 1-0

[Event "SWE-chT 0405"]
[Site "Sweden"]
[Date "2005.??.??"]
[Round "9"]
[White "Carlsson, Daniel"]
[Black "Collett, Peter"]
[Result "1/2-1/2"]
[WhiteElo "2313"]
[BlackElo "2261"]
[PlyCount "98"]
[EventDate "2004.11.05"]
[EventType "team"]
[EventRounds "11"]
[EventCountry "SWE"]
[SourceTitle "EXT 2006"]
[Source "ChessBase"]
[SourceDate "2005.11.24"]
[SourceVersion "1"]
[SourceVersionDate "2005.11.24"]
[SourceQuality "1"]
[WhiteTeam "Limhamn"]
[BlackTeam "Wasa"]
[WhiteTeamCountry "SWE"]
[BlackTeamCountry "SWE"]

1. e4 e5 2. Nf3 Nc6 3. Bb5 a6 4. Ba4 Nf6 5. 0-0 Be7 6. Re1 b5 7. Bb3 0-0 8. d4 Nxd4 9. Nxd4 exd4 10. e5 Ne8 11. Qxd4 c5 12. Qe4 Rb8 13. c3 c4 14. Bc2 g6 15. b3 Bb7 16. Qe2 d5 17. Bf4 Rc8 18. Be3 Ng7 19. b4 Bxb4 20. cxb4 d4 21. Rd1 d3 22. Bxd3 Qd5 23. f4 cxd3 24. Rxd3 Qe4 25. Nd2 Qxb4 26. Rd7 Bc6 27. Rd3 Rfd8 28. Rd1 Ne6 29. Rf1 Rxd3 30. Qxd3 Rd8 31. Qe2 Nd4 32. Bxd4 Qxd4+ 33. Rf2 Bd5 34. Nf1 Bc4 35. Qe3 Qa1 36. f5 Rd1 37. Qf3 Rxf1+ 38. Rxf1 Qxf1+ 39. Qxf1 Bxf1 40. Kxf1 gxf5 41. Ke2 Kf8 42. Ke3 Ke7 43. Kd4 Ke6 44. Kc5 Kxe5 45. Kb6 Kd5 46. g3 h5 47. Kxa6 Kc6 48. Ka5 Kc5 49. Ka6 Kc6 1/2-1/2

[Event "SWE-chT 0304"]
[Site "Sweden"]
[Date "2004.??.??"]
[Round "6"]
[White "Carlsson, Daniel"]
[Black "Schutz, Ingemar"]
[Result "1/2-1/2"]
[WhiteElo "2261"]
[BlackElo "2273"]
[PlyCount "115"]
[EventDate "2003.10.??"]
[EventType "team"]
[EventRounds "11"]
[EventCountry "SWE"]
[SourceTitle "EXT 2005"]
[Source "ChessBase"]
[SourceDate "2004.11.15"]
[SourceVersion "1"]
[SourceVersionDate "2004.11.15"]
[SourceQuality "1"]
[WhiteTeam "Limhamn"]
[BlackTeam "Norrkoping Schack 08"]
[WhiteTeamCountry "SWE"]
[BlackTeamCountry "SWE"]

1. e4 c5 2. Nf3 d6 3. d4 cxd4 4. Nxd4 Nf6 5. Nc3 Nc6 6. Bg5 e6 7. Qd2 a6 8. Be2 Be7 9. Rd1 Bd7 10. 0-0 Nxd4 11. Qxd4 Bc6 12. Bf3 0-0 13. Rfe1 Qc7 14. Re3 Rfd8 15. Red3 b5 16. Qe3 Rac8 17. Ne2 h6 18. Bh4 g5 19. Bg3 g4 20. Qxh6 gxf3 21. Rxf3 Nxe4 22. Rf4 Bg5 23. Rg4 f5 24. Rxg5+ Nxg5 25. Qxg5+ Qg7 26. Qh4 e5 27. f4 Rd7 28. c3 Re8 29. Rf1 Be4 30. Qh5 Re6 31. Rd1 Rf7 32. Qh4 Qf6 33. Kf2 Qxh4 34. Bxh4 Rh7 35. g3 Rc7 36. Ke3 Rc5 37. g4 Bc2 38. Rd2 exf4+ 39. Kf2 Bb1 40. Nxf4 Rh6 41. Kg3 fxg4 42. Kxg4 Bf5+ 43. Kg3 Bb1 44. Kg4 Bf5+ 45. Kg5 Kh7 46. Bf2 Rxh2 47. Bxc5 Rxd2 48. Be3 Rxb2 49. Kxf5 Rxa2 50. Ke6 Rc2 51. Nd5 a5 52. Kf7 a4 53. Nf6+ Kh8 54. Bd4 Rg2 55. Ne4+ Kh7 56. Nf6+ Kh8 57. Ne4+ Kh7 58. Nf6+ 1/2-1/2

[Event "EU-Cup 19th"]
[Site "Rethymno"]
[Date "2003.10.03"]
[Round "6.6"]
[White "Carlsson, Daniel"]
[Black "Hamalainen, Sami"]
[Result "0-1"]
[WhiteElo "2301"]
[BlackElo "2189"]
[PlyCount "30"]
[EventDate "2003.09.28"]
[EventType "team-swiss"]
[EventRounds "7"]
[EventCountry "GRE"]
[SourceTitle "CBM 098"]
[Source "ChessBase"]
[SourceDate "2004.02.03"]
[SourceVersion "1"]
[SourceVersionDate "2004.02.03"]
[SourceQuality "1"]
[WhiteTeam "Malmo Linhams"]
[BlackTeam "Jyvaskyla JyS"]
[WhiteTeamCountry "SWE"]
[BlackTeamCountry "FIN"]

1. e4 e5 2. Nf3 Nc6 3. Bb5 a6 4. Ba4 Nf6 5. 0-0 Nxe4 6. d4 exd4 7. Re1 d5 8. Nxd4 Bd6 9. Nxc6 Bxh2+ 10. Kf1 Qh4 11. Rxe4+ dxe4 12. Ne5+ b5 13. Qd5 0-0 14. Nxf7 Rxf7 15. Be3 c6 0-1

[Event "SWE-chT 0304"]
[Site "Sweden"]
[Date "2003.??.??"]
[Round "5"]
[White "Carlsson, Daniel"]
[Black "Andersson, Goran"]
[Result "1/2-1/2"]
[WhiteElo "2280"]
[BlackElo "2292"]
[PlyCount "106"]
[EventDate "2003.10.??"]
[EventType "team"]
[EventRounds "11"]
[EventCountry "SWE"]
[SourceTitle "EXT 2005"]
[Source "ChessBase"]
[SourceDate "2004.11.15"]
[SourceVersion "1"]
[SourceVersionDate "2004.11.15"]
[SourceQuality "1"]
[WhiteTeam "Limhamn"]
[BlackTeam "Skara"]
[WhiteTeamCountry "SWE"]
[BlackTeamCountry "SWE"]

1. e4 e6 2. d4 d5 3. Nc3 Bb4 4. exd5 exd5 5. Bd3 c6 6. Nf3 Nf6 7. 0-0 0-0 8. Ne5 Nbd7 9. Bg5 h6 10. Bh4 Be7 11. Kh1 Nxe5 12. dxe5 Nd7 13. Bg3 Bh4 14. Bxh4 Qxh4 15. f4 Nc5 16. Be2 Bf5 17. g3 Qe7 18. Bf3 Rad8 19. Re1 d4 20. Ne4 Nxe4 21. Bxe4 Bxe4+ 22. Rxe4 Qc5 23. Qd3 Qd5 24. Kg1 c5 25. b3 b5 26. Qf3 Rfe8 27. Rae1 c4 28. Kg2 d3 29. cxd3 cxd3 30. Rd1 f6 31. Re3 fxe5 32. Qxd5+ Rxd5 33. Kf3 d2 34. Ke2 Kf7 35. fxe5 Rdxe5 36. Rf1+ Kg6 37. Rxe5 Rxe5+ 38. Kxd2 b4 39. Kd3 Rc5 40. Rf4 Rc3+ 41. Kd2 a5 42. Rd4 Rc5 43. Rg4+ Kf6 44. Rf4+ Kg5 45. Rd4 h5 46. Rf4 Rf5 47. h4+ Kg6 48. Ke3 Re5+ 49. Re4 Kf5 50. Rxe5+ Kxe5 51. Kd3 Kf5 52. Ke3 Kg4 53. Kf2 Kf5 1/2-1/2

[Event "SWE-chT 0203"]
[Site "Sweden"]
[Date "2002.12.07"]
[Round "5"]
[White "Carlsson, Daniel"]
[Black "Hansen, Anders"]
[Result "1-0"]
[WhiteElo "2275"]
[BlackElo "2003"]
[PlyCount "63"]
[EventDate "2002.10.11"]
[EventType "team"]
[EventRounds "11"]
[EventCountry "SWE"]
[SourceTitle "EXT 2004"]
[Source "ChessBase"]
[SourceDate "2003.11.25"]
[SourceVersion "1"]
[SourceVersionDate "2003.11.25"]
[SourceQuality "1"]
[WhiteTeam "Limhamn"]
[BlackTeam "Helsingborg"]
[WhiteTeamCountry "SWE"]
[BlackTeamCountry "SWE"]

1. e4 e5 2. Nf3 Nc6 3. Bb5 a6 4. Ba4 Nf6 5. 0-0 b5 6. Bb3 Be7 7. d4 0-0 8. Nxe5 Nxe5 9. dxe5 Ne8 10. a4 Rb8 11. axb5 axb5 12. Nc3 c5 13. Bd5 d6 14. Bf4 b4 15. Na4 Qc7 16. exd6 Bxd6 17. Bxd6 Nxd6 18. Qf3 Bd7 19. Qg3 Bb5 20. Rfd1 Rbd8 21. b3 Bxa4 22. bxa4 Qa5 23. h4 Nc8 24. h5 h6 25. Qh4 Qc7 26. a5 Na7 27. a6 Kh8 28. Rd3 Qe5 29. Rad1 Rde8 30. f4 Qb8 31. Qf2 Rc8 32. Bb7 1-0

[Event "Korinthos op 6th"]
[Site "Korinthos"]
[Date "2002.07.28"]
[Round "6"]
[White "Khetsuriani, Besarion"]
[Black "Carlsson, Daniel"]
[Result "1-0"]
[WhiteElo "2415"]
[BlackElo "2284"]
[PlyCount "59"]
[EventDate "2002.07.23"]
[EventType "swiss"]
[EventRounds "9"]
[EventCountry "GRE"]
[SourceTitle "CBM 089 Extra"]
[Source "ChessBase"]
[SourceDate "2002.09.10"]
[SourceVersion "2"]
[SourceVersionDate "2002.09.10"]
[SourceQuality "1"]

1. e4 c5 2. Nf3 d6 3. d4 cxd4 4. Nxd4 Nf6 5. Nc3 g6 6. Be2 Bg7 7. 0-0 Nc6 8. Nb3 0-0 9. Re1 a6 10. Bf1 Bg4 11. f3 Be6 12. Bg5 Rc8 13. Kh1 Na5 14. Nd5 Bxd5 15. exd5 h6 16. Be3 Nc4 17. Bxc4 Rxc4 18. Qd2 Qd7 19. Na5 Ra4 20. b3 Rh4 21. Bf2 Rh5 22. c4 g5 23. Rad1 g4 24. f4 Qf5 25. Qe3 e6 26. Nxb7 g3 27. Bxg3 exd5 28. Nxd6 Qd7 29. c5 Kh8 30. Qf3 1-0

[Event "SWE-chT 0102"]
[Site "Sweden"]
[Date "2002.02.09"]
[Round "7"]
[White "Haggstrom, Olle"]
[Black "Carlsson, Daniel"]
[Result "1-0"]
[WhiteElo "2207"]
[BlackElo "2284"]
[PlyCount "123"]
[EventDate "2001.10.12"]
[EventType "team"]
[EventRounds "11"]
[EventCountry "SWE"]
[SourceTitle "EXT 2003"]
[Source "ChessBase"]
[SourceDate "2002.11.25"]
[SourceVersion "1"]
[SourceVersionDate "2002.11.25"]
[SourceQuality "1"]
[WhiteTeam "Kamraterna"]
[BlackTeam "Limhamn"]
[WhiteTeamCountry "SWE"]
[BlackTeamCountry "SWE"]

1. d4 Nf6 2. c4 g6 3. Nc3 Bg7 4. Nf3 0-0 5. Bg5 c5 6. d5 h6 7. Bh4 e6 8. e3 Na6 9. Be2 exd5 10. cxd5 Re8 11. Nd2 Nc7 12. Nc4 b5 13. Nd6 b4 14. Nxe8 Qxe8 15. Bxf6 Bxf6 16. Na4 d6 17. Rc1 Bd7 18. b3 Bxa4 19. bxa4 Bc3+ 20. Kf1 Rb8 21. Qb3 Qe5 22. Rd1 Ne8 23. Bc4 Nf6 24. Qc2 Nd7 25. Bb5 Nf6 26. Qd3 Rb7 27. f3 Re7 28. Kf2 Qh5 29. g3 Nh7 30. h4 Qe5 31. e4 Bd4+ 32. Kg2 Bc3 33. Qe3 Qg7 34. Qf4 Be5 35. Qd2 Bc3 36. Qd3 Bd4 37. Rd2 Qe5 38. Re2 Bc3 39. f4 Qh5 40. e5 Bd4 41. Qf3 Qf5 42. Bd3 Qd7 43. e6 Qe8 44. Bb5 Qf8 45. exf7+ Qxf7 46. Rhe1 Rxe2+ 47. Rxe2 Nf6 48. Re6 Qc7 49. Bc4 Qd7 50. g4 Kf8 51. g5 Nh5 52. f5 Be5 53. fxg6+ Nf4+ 54. Kh1 Qxa4 55. gxh6 Qc2 56. g7+ Kf7 57. Re8 Kxe8 58. g8Q+ Ke7 59. Qg5+ Kd7 60. Bb5+ Kc7 61. Bf1 Nd3 62. Qgg2 1-0

[Event "SWE-chT 0102"]
[Site "Sweden"]
[Date "2002.01.19"]
[Round "6"]
[White "Carlsson, Daniel"]
[Black "Friberg, Hans"]
[Result "1/2-1/2"]
[WhiteElo "2284"]
[BlackElo "2242"]
[PlyCount "124"]
[EventDate "2001.10.12"]
[EventType "team"]
[EventRounds "11"]
[EventCountry "SWE"]
[SourceTitle "EXT 2003"]
[Source "ChessBase"]
[SourceDate "2002.11.25"]
[SourceVersion "1"]
[SourceVersionDate "2002.11.25"]
[SourceQuality "1"]
[WhiteTeam "Limhamn"]
[BlackTeam "Skara"]
[WhiteTeamCountry "SWE"]
[BlackTeamCountry "SWE"]

1. e4 e6 2. d4 d5 3. Nc3 Bb4 4. e5 c5 5. a3 Ba5 6. b4 cxd4 7. Nb5 Bc7 8. f4 Bd7 9. Nxd4 Ne7 10. Bd3 Bb6 11. Ngf3 a6 12. Qe2 Nbc6 13. Bb2 g6 14. Nb3 Nf5 15. Bxf5 gxf5 16. Ng5 h6 17. Qh5 Qe7 18. Rf1 Qf8 19. Nf3 Rc8 20. Nfd2 Rg8 21. g3 Na7 22. Rc1 Ba4 23. Bd4 Bxd4 24. Nxd4 Kd8 25. c4 Nb5 26. Nxb5 Bxb5 27. Qe2 Qe7 28. Kf2 dxc4 29. Nxc4 Rxc4 30. Rxc4 Bxc4 31. Qxc4 Qc7 32. Rd1+ Kc8 33. Rc1 Qxc4 34. Rxc4+ Kd7 35. Ke3 h5 36. Kd4 h4 37. Rc3 hxg3 38. Rxg3 Rh8 39. h3 b6 40. Rg7 Ke7 41. Rg3 Rd8+ 42. Ke3 Rd1 43. Ke2 Rd4 44. Kf3 Rd3+ 45. Kg2 Rd2+ 46. Kh1 a5 47. bxa5 bxa5 48. Kg1 Kf8 49. Kf1 a4 50. Ke1 Rc2 51. Kf1 Ke7 52. Kg1 Rc4 53. Rf3 f6 54. exf6+ Kxf6 55. Kf2 Re4 56. Kg3 Re2 57. Rd3 Rb2 58. Kf3 Rh2 59. Kg3 Ra2 60. Kf3 Ra1 61. Kf2 Rh1 62. Kg2 Ra1 1/2-1/2

[Event "SWE-chT 0001"]
[Site "Sweden"]
[Date "2001.03.18"]
[Round "11"]
[White "Nordstrom, Felix"]
[Black "Carlsson, Daniel"]
[Result "1-0"]
[WhiteElo "2208"]
[BlackElo "2293"]
[PlyCount "72"]
[EventDate "2000.10.13"]
[EventType "team"]
[EventRounds "11"]
[EventCountry "SWE"]
[SourceTitle "EXT 2006"]
[Source "ChessBase"]
[SourceDate "2005.11.24"]
[SourceVersion "1"]
[SourceVersionDate "2005.11.24"]
[SourceQuality "1"]
[WhiteTeam "Wasa"]
[BlackTeam "Limhamn"]
[WhiteTeamCountry "SWE"]
[BlackTeamCountry "SWE"]

1. d4 Nf6 2. c4 g6 3. Nc3 Bg7 4. e4 0-0 5. f3 d6 6. Be3 e5 7. Nge2 Nbd7 8. Qd2 c6 9. d5 c5 10. g4 Ne8 11. Ng3 f6 12. h4 Rf7 13. Bd3 Nf8 14. h5 a6 15. 0-0-0 b5 16. cxb5 Nc7 17. bxa6 Bxa6 18. Bb1 Rb8 19. Bh6 Nb5 20. hxg6 hxg6 21. Nxb5 Rxb5 22. Bxg7 Rxg7 23. Rh2 Rb4 24. Rdh1 Qa5 25. Rh8+ Kf7 26. a3 Rc4+ 27. Bc2 Qb6 28. g5 Qd8 29. f4 Rd4 30. Qf2 f5 31. exf5 Rxf4 32. fxg6+ Ke8 33. Qd2 Qxg5 34. Ne4 Qxg6 35. Re1 Bc8 36. Nxc5 Qg5 1-0

[Event "SWE-chT 0001"]
[Site "Sweden"]
[Date "2001.02.10"]
[Round "7"]
[White "Carlsson, Daniel"]
[Black "Schuetz, Ingemar"]
[Result "0-1"]
[WhiteElo "2293"]
[BlackElo "2294"]
[PlyCount "82"]
[EventDate "2000.10.13"]
[EventType "team"]
[EventRounds "11"]
[EventCountry "SWE"]
[SourceTitle "EXT 2006"]
[Source "ChessBase"]
[SourceDate "2005.11.24"]
[SourceVersion "1"]
[SourceVersionDate "2005.11.24"]
[SourceQuality "1"]
[WhiteTeam "Limhamn"]
[BlackTeam "Norrkoping Schack 08"]
[WhiteTeamCountry "SWE"]
[BlackTeamCountry "SWE"]

1. e4 c5 2. Nf3 Nc6 3. d4 cxd4 4. Nxd4 Nf6 5. Nc3 d6 6. Bg5 e6 7. Qd2 a6 8. 0-0-0 Bd7 9. f4 b5 10. Qe1 Nxd4 11. Rxd4 Qa5 12. Kb1 e5 13. Rd1 Be7 14. Bxf6 Bxf6 15. Rxd6 Be6 16. f5 Bxa2+ 17. Kc1 0-0 18. Qg3 b4 19. Nb1 Rfd8 20. Rxf6 Bxb1 21. Rxf7 Kxf7 22. Bc4+ Kf8 23. f6 g6 24. Qg5 Qc7 25. Qh6+ Ke8 26. f7+ Kd7 27. Qh3+ Kc6 28. Bd5+ Kb6 29. Kxb1 Rac8 30. Qxh7 Qxc2+ 31. Ka1 Qa4+ 32. Kb1 Qc2+ 33. Ka1 Qa4+ 34. Kb1 b3 35. Qxg6+ Ka7 36. Bxb3 Qxb3 37. Qg7 Qc2+ 38. Ka2 Qa4+ 39. Kb1 Rf8 40. Qxe5 Qc2+ 41. Ka2 Rxf7 0-1

[Event "SWE-chT 9900"]
[Site "Sweden"]
[Date "1999.??.??"]
[Round "1"]
[White "Carlsson, Daniel"]
[Black "Engstrom, Kaj"]
[Result "0-1"]
[WhiteElo "2296"]
[BlackElo "2255"]
[PlyCount "94"]
[EventDate "1999.11.??"]
[EventType "team"]
[EventRounds "11"]
[EventCountry "SWE"]
[SourceTitle "EXT 2002"]
[Source "ChessBase"]
[SourceDate "2001.11.25"]
[SourceVersion "1"]
[SourceVersionDate "2001.11.25"]
[SourceQuality "1"]

1. e4 c5 2. Nf3 e6 3. d4 cxd4 4. Nxd4 a6 5. Bd3 Bc5 6. Nb3 Ba7 7. c4 Nc6 8. Nc3 Nge7 9. Bf4 d5 10. cxd5 exd5 11. 0-0 d4 12. Ne2 Ng6 13. Bg3 0-0 14. f4 f5 15. e5 b5 16. Kh1 Bb7 17. Qd2 Qd5 18. Rf3 a5 19. Nxa5 Nxa5 20. Qxa5 Bc5 21. Qxb5 Ba6 22. Qxa6 Rxa6 23. Bxa6 Rd8 24. Bd3 Ne7 25. Bh4 g6 26. Rc1 Kf8 27. a3 Bb6 28. Rh3 Qd7 29. Bf2 h5 30. Bc4 Rc8 31. b3 Qa7 32. a4 Nc6 33. Rd1 d3 34. Rhxd3 Bxf2 35. Rd7 Rc7 36. e6 Rxd7 37. exd7 Ke7 38. Nc3 Bd4 39. Nb5 Qxd7 40. Nxd4 Nxd4 41. a5 Qa7 42. a6 h4 43. b4 h3 44. gxh3 Nc2 45. Rd5 Ne3 46. Rb5 Qd4 47. Re5+ Kf8 0-1

[Event "SWE-chT 9899"]
[Site "Sweden"]
[Date "1999.??.??"]
[Round "10"]
[White "Delveborn, Ingemar"]
[Black "Carlsson, Daniel"]
[Result "1-0"]
[WhiteElo "2210"]
[BlackElo "2379"]
[PlyCount "45"]
[EventDate "1998.??.??"]
[EventType "team"]
[EventRounds "11"]
[EventCountry "SWE"]
[SourceTitle "EXT 2000"]
[Source "ChessBase"]
[SourceDate "1999.11.16"]
[SourceVersion "1"]
[SourceVersionDate "1999.11.16"]
[SourceQuality "1"]

1. e4 c5 2. Nf3 d6 3. Bb5+ Nd7 4. d4 cxd4 5. Qxd4 Ngf6 6. Bg5 h6 7. Bxf6 gxf6 8. Nc3 a6 9. Bxd7+ Bxd7 10. Nd5 Rc8 11. 0-0-0 Rg8 12. Nh4 Qa5 13. Kb1 Rg4 14. g3 Bg7 15. Nxe7 Rc5 16. Qxd6 Ba4 17. Qb8+ Kxe7 18. Nf5+ Rxf5 19. Qd6+ Ke8 20. exf5 Bc6 21. Rhe1+ Re4 22. Rxe4+ Bxe4 23. Qd7+ 1-0

[Event "SWE-chT 9899"]
[Site "Sweden"]
[Date "1998.10.17"]
[Round "2"]
[White "Carlsson, Daniel"]
[Black "Kinnmark, Ove"]
[Result "1-0"]
[WhiteElo "2290"]
[BlackElo "2365"]
[PlyCount "75"]
[EventDate "1998.??.??"]
[EventType "team"]
[EventRounds "11"]
[EventCountry "SWE"]
[SourceTitle "EXT 2000"]
[Source "ChessBase"]
[SourceDate "1999.11.16"]
[SourceVersion "1"]
[SourceVersionDate "1999.11.16"]
[SourceQuality "1"]

1. e4 e5 2. Nf3 Nc6 3. Bb5 a6 4. Ba4 Nf6 5. 0-0 Be7 6. Re1 b5 7. Bb3 d6 8. c3 0-0 9. d4 Bg4 10. d5 Na5 11. Nbd2 Nxb3 12. axb3 c6 13. dxc6 Qc7 14. h3 Be6 15. Nf1 Qxc6 16. Ng3 Rfe8 17. Bg5 Nd7 18. Bxe7 Rxe7 19. Nh4 g6 20. Qd2 f6 21. Red1 Bxb3 22. Qxd6 Qxd6 23. Rxd6 a5 24. Nf3 Kf7 25. Nd2 Be6 26. Ngf1 Ree8 27. Ne3 a4 28. Nd5 Rec8 29. f4 Ra7 30. fxe5 Nxe5 31. Rf1 Bxd5 32. Rxd5 Nc4 33. Nxc4 Rxc4 34. Rd6 Rxe4 35. Rdxf6+ Kg7 36. Rb6 Rf4 37. Rb7+ Kh6 38. h4 1-0

[Event "Copenhagen op"]
[Site "Copenhagen"]
[Date "1998.06.29"]
[Round "8"]
[White "Hoi, Carsten"]
[Black "Carlsson, Daniel"]
[Result "1-0"]
[WhiteElo "2430"]
[BlackElo "2290"]
[PlyCount "46"]
[EventDate "1998.06.21"]
[EventType "swiss"]
[EventRounds "10"]
[EventCountry "DEN"]
[SourceTitle "EXT 1999"]
[Source "ChessBase"]
[SourceDate "1998.11.16"]
[SourceVersion "1"]
[SourceVersionDate "1998.11.16"]
[SourceQuality "1"]

1. d4 Nf6 2. c4 g6 3. Nc3 Bg7 4. e4 0-0 5. Be3 d6 6. f3 e5 7. Nge2 c6 8. Qd2 Nbd7 9. g4 h5 10. gxh5 Nxh5 11. 0-0-0 a6 12. Ng3 Nf4 13. h4 b5 14. h5 g5 15. Nf5 exd4 16. Bxf4 dxc3 17. Qg2 Nc5 18. Nxg7 Kxg7 19. Bxg5 Qe8 20. Bf4+ Kh7 21. Qg5 Qe6 22. Rxd6 cxb2+ 23. Kxb2 Rg8 1-0

[Event "Copenhagen op"]
[Site "Copenhagen"]
[Date "1998.06.27"]
[Round "7"]
[White "Carlsson, Daniel"]
[Black "Djurhuus, Rune"]
[Result "1/2-1/2"]
[WhiteElo "2290"]
[BlackElo "2510"]
[PlyCount "85"]
[EventDate "1998.06.21"]
[EventType "swiss"]
[EventRounds "10"]
[EventCountry "DEN"]
[SourceTitle "EXT 1999"]
[Source "ChessBase"]
[SourceDate "1998.11.16"]
[SourceVersion "1"]
[SourceVersionDate "1998.11.16"]
[SourceQuality "1"]

1. e4 e6 2. d4 d5 3. Nc3 Bb4 4. exd5 exd5 5. Bd3 Nc6 6. a3 Bxc3+ 7. bxc3 Be6 8. Qh5 Qe7 9. f3 0-0-0 10. Ne2 Nf6 11. Qg5 h6 12. Qf4 Qd6 13. 0-0 Qxf4 14. Nxf4 Bd7 15. Be3 Na5 16. Ne2 Ne8 17. Ng3 g6 18. Rae1 Nd6 19. Bf4 Nac4 20. Re7 Rdf8 21. Be5 Rhg8 22. f4 Re8 23. Bxd6 Nxd6 24. Re5 f6 25. Rxd5 b6 26. f5 gxf5 27. Nxf5 Bc6 28. Nxd6+ cxd6 29. Rxd6 Bxg2 30. Rfxf6 Be4+ 31. Kf1 Bxd3+ 32. cxd3 Re3 33. Rxh6 Rge8 34. Rhg6 Rxd3 35. Rg3 Rd2 36. Rf6 Rxh2 37. Rg7 Rh3 38. Rff7 Rxc3 39. Rxa7 Kb8 40. Rgb7+ Kc8 41. Rg7 Kb8 42. Rgb7+ Kc8 43. Rg7 1/2-1/2

[Event "Copenhagen op"]
[Site "Copenhagen"]
[Date "1998.06.26"]
[Round "6"]
[White "Guindy, Esmat Susanne"]
[Black "Carlsson, Daniel"]
[Result "0-1"]
[WhiteElo "2160"]
[BlackElo "2290"]
[PlyCount "82"]
[EventDate "1998.06.21"]
[EventType "swiss"]
[EventRounds "10"]
[EventCountry "DEN"]
[SourceTitle "EXT 1999"]
[Source "ChessBase"]
[SourceDate "1998.11.16"]
[SourceVersion "1"]
[SourceVersionDate "1998.11.16"]
[SourceQuality "1"]

1. d4 Nf6 2. c4 g6 3. g3 Bg7 4. Bg2 0-0 5. Nf3 d6 6. 0-0 c6 7. Nc3 Qa5 8. e4 Bg4 9. h3 Bxf3 10. Bxf3 e5 11. Be3 Rd8 12. Qe2 Nbd7 13. Bg2 Qb4 14. Rfd1 Nb6 15. Bf1 Re8 16. d5 cxd5 17. Bxb6 d4 18. Bxd4 exd4 19. Rxd4 Nh5 20. Rd5 Bxc3 21. Rb5 Nxg3 22. Qd1 Nxe4 23. Rxb4 Bxb4 24. Bg2 Bc5 25. Bxe4 Rxe4 26. Qf3 Rae8 27. Rf1 Rxc4 28. Qxb7 Rb4 29. Qd7 Re2 30. b3 Kg7 31. Rc1 Rxa2 32. Rxc5 dxc5 33. Qd6 Rb6 34. Qd5 Rf6 35. f4 Ra3 36. Qxc5 Rxb3 37. Qxa7 Rf3 38. Kg2 R3xf4 39. Qc5 h5 40. Qe5 h4 41. Kg1 Kh7 0-1

[Event "Polanica Zdroj op"]
[Site "Polanica Zdroj"]
[Date "1998.??.??"]
[Round "?"]
[White "Carlsson, Daniel"]
[Black "Galinsky, Timofey"]
[Result "0-1"]
[WhiteElo "2290"]
[BlackElo "2380"]
[PlyCount "67"]
[EventDate "1998.??.??"]
[EventType "swiss"]
[EventRounds "10"]
[EventCountry "POL"]
[SourceTitle "EXT 2003"]
[Source "ChessBase"]
[SourceDate "2002.11.25"]
[SourceVersion "1"]
[SourceVersionDate "2002.11.25"]
[SourceQuality "1"]

1. e4 e6 2. d4 d5 3. Nd2 Nf6 4. e5 Nfd7 5. f4 c5 6. c3 Nc6 7. Ndf3 cxd4 8. cxd4 Qb6 9. g3 Be7 10. Kf2 0-0 11. Kg2 f6 12. Bd3 fxe5 13. fxe5 Kh8 14. Bc2 Rf7 15. h4 Nf8 16. Ne2 Bd7 17. Nf4 Rc8 18. a3 Na5 19. Ng5 Bxg5 20. hxg5 Rxc2+ 21. Qxc2 Qxd4 22. Rh4 Qb6 23. Bd2 Nc4 24. Rah1 g6 25. Rf1 Kg8 26. Ne2 Rxf1 27. Kxf1 Nxe5 28. Rf4 Nf7 29. Bb4 e5 30. Rf6 Ne6 31. Be7 Nfxg5 32. Qc3 d4 33. Qc4 Ne4 34. Bb4 0-1

[Event "Polanica Zdroj op"]
[Site "Polanica Zdroj"]
[Date "1998.??.??"]
[Round "?"]
[White "Carlsson, Daniel"]
[Black "Mietus, Klaudiusz"]
[Result "0-1"]
[WhiteElo "2290"]
[BlackElo "2195"]
[PlyCount "55"]
[EventDate "1998.??.??"]
[EventType "swiss"]
[EventRounds "10"]
[EventCountry "POL"]
[SourceTitle "EXT 2003"]
[Source "ChessBase"]
[SourceDate "2002.11.25"]
[SourceVersion "1"]
[SourceVersionDate "2002.11.25"]
[SourceQuality "1"]

1. e4 c5 2. Nf3 d6 3. d4 cxd4 4. Nxd4 Nf6 5. Nc3 a6 6. f4 e6 7. Bd3 Nc6 8. Nxc6 bxc6 9. 0-0 Be7 10. Kh1 e5 11. Qe1 0-0 12. f5 Bb7 13. Qg3 Kh8 14. Rf3 d5 15. exd5 cxd5 16. Qxe5 d4 17. Ne4 Nxe4 18. Bxe4 Bd6 19. Qxd4 Qh4 20. Bf4 Bxe4 21. Bxd6 Rfe8 22. Rf4 Bxg2+ 23. Kxg2 Re2+ 24. Kf3 Qh5+ 25. Rg4 Qxf5+ 26. Kxe2 Re8+ 27. Kd2 f6 28. Re1 0-1

[Event "Polanica Zdroj op"]
[Site "Polanica Zdroj"]
[Date "1998.??.??"]
[Round "?"]
[White "Carlsson, Daniel"]
[Black "Shishkin, Vadim"]
[Result "1-0"]
[WhiteElo "2290"]
[BlackElo "2440"]
[PlyCount "83"]
[EventDate "1998.??.??"]
[EventType "swiss"]
[EventRounds "10"]
[EventCountry "POL"]
[SourceTitle "EXT 2003"]
[Source "ChessBase"]
[SourceDate "2002.11.25"]
[SourceVersion "1"]
[SourceVersionDate "2002.11.25"]
[SourceQuality "1"]

1. e4 c5 2. Nf3 Nc6 3. d4 cxd4 4. Nxd4 Nf6 5. Nc3 d6 6. Bg5 e6 7. Qd2 Be7 8. 0-0-0 Nxd4 9. Qxd4 a6 10. f4 b5 11. Bxf6 gxf6 12. Be2 Qc7 13. f5 Qc5 14. fxe6 fxe6 15. Qxc5 dxc5 16. Bh5+ Kf8 17. e5 f5 18. g4 Ra7 19. gxf5 exf5 20. Nd5 Bg5+ 21. Kb1 Be6 22. h4 Be7 23. Nf4 Bf7 24. e6 Be8 25. Rd5 Bxh5 26. Nxh5 Rg8 27. Rxf5+ Ke8 28. Rf7 Rg6 29. Rxh7 Kd8 30. Nf4 Rf6 31. Rd1+ Ke8 32. Nh5 Rf2 33. a3 Rc7 34. Rg1 Rc6 35. Rg8+ Rf8 36. Ng7+ Kd8 37. Rxf8+ Bxf8 38. Rh8 Ke7 39. Nf5+ Kxe6 40. Rxf8 Rc7 41. h5 Rd7 42. h6 1-0